|
|
|
|
| LEADER |
00000nam a2200000 4500 |
| 001 |
vtls012227769 |
| 003 |
SK-MaSNL |
| 005 |
20260301021259.0 |
| 008 |
230418s1817 hu 0 0n0 lat |
| 015 |
|
|
|a SNBHFA
|
| 040 |
|
|
|a SNKHF
|b slo
|c SNKHF
|e rda
|
| 041 |
0 |
|
|a lat
|
| 044 |
|
|
|a hu
|c HU
|
| 072 |
|
7 |
|a 51
|x Matematika
|2 konspekt
|
| 080 |
|
|
|a 51
|2 2011
|
| 100 |
1 |
|
|a Hadaly, Carolus de Hada
|4 aut
|9 309989
|
| 245 |
1 |
0 |
|a Tentamen Publicum Ex Algebra, Geometria Pura, Et Practica,
|c Quod In Regia Universitate Pestiensi E Praelectionibus Caroli Hadaly De Hada, S. C. et R. A. M. Consiliarii, II. Comitatuum Strigoniensis, Castriferrei, Simeghiensis, Mosoniensis, et Posoniensis Tabulae Judiciariae Assessoris, AA. LL. et Phil. Doctoris, Regiae Societatis Scientiarum Göttinganae Membri, Matheseos purae et adplicatae, Architecturae civilis, et Hydrotechniae Professoris Publici Ordinarii, Anno MDCCCXVII. Mense Augusto pro utroque Semestri
|
| 264 |
|
3 |
|a Pestini
|b Typis Joannis Thomes Trattner
|c Anno MDCCCXVII. [=1817]
|
| 300 |
|
|
|a 2 nečíslované strany, 22 strán
|c 19 cm
|
| 336 |
|
|
|a text
|b txt
|2 rdacontent
|
| 337 |
|
|
|a bez média
|b n
|2 rdamedia
|
| 338 |
|
|
|a zväzok
|b nc
|2 rdacarrier
|
| 501 |
|
|
|a Príväzok 5. k: KIÁLTOSY, Antonius. Ode Honoribus Excellentissimi Ac Illustrissimi Domini Ignatii L. B. Eötvös De Vásáros Námény,... Budae: Typis Regiae Universitatis Hungaricae, 1820.
|5 SNK SD 46190
|
| 650 |
0 |
7 |
|a matematika
|2 SNKPH
|9 70174
|
| 700 |
1 |
|
|a Trattner, Ján Tomáš
|4 prt
|9 286428
|
| 752 |
|
|
|a Maďarsko
|d Budapešť
|
| 852 |
|
|
|a Slovenská národná knižnica
|b Historické fondy
|p SD 46190/prív.5
|
| 958 |
|
|
|a ONDV
|
| 958 |
|
|
|a DF
|
| 999 |
|
|
|c 565009
|d 566939
|
| 952 |
|
|
|a SNK
|b SNK
|y PREZ
|7 0
|p 17A1486299
|o snkSD 46190/prív.5
|i snkF 15/77
|8 5
|0 0
|1 0
|4 0
|d 2023-04-18
|l 0
|r 2026-02-23 13:55:06
|w 2026-02-23
|